000 00628nam a2200193Ia 4500
003 GCL
008 140319s9999 xx 000 0 ara d
020 _a9637241977
040 _aGCL /
_cGCL
082 0 4 _a813.009
_bع ب
100 1 _aعبدالرحيم الكردى
245 1 0 _aالبنية السردية للقصة القصيرة /
_cعبدالرحيم الكردى
250 _aالثالثة
260 _aالقاهرة :
_bمكتبة الاداب ،
_c2005
300 _a176 ص ؛
_c24 سم
650 0 4 _aالقصة القصيرة
650 0 4 _aالقصة العربية - تاريخ ونقد
942 _2ddc
_cBK
999 _c9354
_d9354